Baby Names Ending with -TH(E) Quiz Stats

 Plays Quiz Updated Sep 2, 2017

Score 0/75 Timer 10:00
2 Plays Today
Year Name % Correct
1895Beth
82.8%
1925Beth
82.8%
1955Beth
82.8%
1985Beth
82.8%
1895Elizabeth
74.6%
1895Elisabeth
74.6%
1895Elizebeth
74.6%
1925Elizabeth
74.6%
1925Elisabeth
74.6%
1955Elizabeth
74.6%
1955Elisabeth
74.6%
1985Elizabeth
74.6%
1985Elisabeth
74.6%
2015Elizabeth
74.6%
2015Elisabeth
74.6%
1895Seth
73.4%
1925Seth
73.4%
1955Seth
73.4%
1985Seth
73.4%
2015Seth
73.4%
1895Edith
69.9%
1895Edythe
69.9%
1895Edyth
69.9%
1925Edith
69.9%
1925Edythe
69.9%
1955Edith
69.9%
1985Edith
69.9%
2015Edith
69.9%
1895Ruth
69.4%
1925Ruth
69.4%
1925Ruthe
69.4%
1955Ruth
69.4%
1985Ruth
69.4%
2015Ruth
69.4%
1925Keith
68.8%
1955Keith
68.8%
1985Keith
68.8%
2015Keith
68.8%
Year Name % Correct
1895Kenneth
68.2%
1925Kenneth
68.2%
1955Kenneth
68.2%
1955Kennith
68.2%
1985Kenneth
68.2%
1985Kennith
68.2%
2015Kenneth
68.2%
1895Faith
59.2%
1925Faith
59.2%
1955Faith
59.2%
1985Faith
59.2%
2015Faith
59.2%
1895Judith
56.6%
1925Judith
56.6%
1955Judith
56.6%
1985Judith
56.6%
2015Judith
56.6%
1925Meredith
49.7%
1955Meredith
49.7%
1985Meredith
49.7%
2015Meredith
49.7%
1985Heath
47.4%
2015Heath
47.4%
2015Lilith
42.8%
1955Garth
38%
1955Maribeth
25.6%
1955Marybeth
25.6%
1985Marybeth
25.6%
2015Gwyneth
25.4%
1895Smith
16.9%
1985Lizbeth
15.1%
2015Lizbeth
15.1%
1895Worth
11.8%
1925Ardith
7.9%
1895Ellsworth
5.5%
1925Ellsworth
5.5%
2015Yamileth
4.4%

You're not logged in!

Compare scores with friends on all Sporcle quizzes.
OR
Log In

Show Comments

Extras

Top Quizzes Today


Score Distribution

Your Account Isn't Verified!

In order to create a playlist on Sporcle, you need to verify the email address you used during registration. Go to your Sporcle Settings to finish the process.

Report this User

Report this user for behavior that violates our Community Guidelines.

Details: